000 00999cab a2200337 4500
001 ABS59433
008 090401t1998 xxu||||| |||| 00| 0 eng d
035 _a(Sirsi) u89425
041 _aeng
245 _aRegional survey: South Wales & Bristol
260 _c1998
350 _a0
490 _aProperty Week
_v63(26) 23 October 1998, 58-85(12)
650 _aBRISTOL
650 _aCARDIFF BAY
650 _aCARDIFF
650 _aCITY CENTRES
650 _aINWARD INVESTMENT
650 _aLEISURE MARKET
650 _aMIXED-USE DEVELOPMENTS
650 _aPROPERTY-COMMERCIAL PROPERTY-OFFICE PROPERTY-OFFICE PROPERTY MARKET
650 _aOFFICE TAKE-UP
650 _aOUT-OF-TOWN DEVELOPMENT
650 _aPLANNING POLICY
650 _aPROPERTY-COMMERCIAL PROPERTY-RETAIL PROPERTY-RETAIL PROPERTY MARKET
650 _aWALES
650 _aWELSH DEVELOPMENT AGENCY
690 _aPROPERTY-COMMERCIAL PROPERTY-COMMERCIAL PROPERTY MARKET
942 _n0
948 _c03/11/1998
999 _c56570
_d56570